The Halakhic Language in Two Ladino Books from the 16th Century
| Main Author: | |
|---|---|
| Format: | Print Article |
| Language: | Hebrew |
| Check availability: | HBZ Gateway |
| Interlibrary Loan: | Interlibrary Loan for the Fachinformationsdienste (Specialized Information Services in Germany) |
| Published: |
2016
|
| In: |
Māsôrôt
Year: 2016, Volume: 18, Pages: 153-192 |
| RelBib Classification: | AG Religious life; material religion BH Judaism TJ Modern history |
MARC
| LEADER | 00000caa a22000002c 4500 | ||
|---|---|---|---|
| 001 | 1638045720 | ||
| 003 | DE-627 | ||
| 005 | 20220608121239.0 | ||
| 007 | tu | ||
| 008 | 170519s2016 xx ||||| 00| ||heb c | ||
| 035 | |a (DE-627)1638045720 | ||
| 035 | |a (DE-576)488820235 | ||
| 035 | |a (DE-599)BSZ488820235 | ||
| 040 | |a DE-627 |b ger |c DE-627 |e rakwb | ||
| 041 | |a heb | ||
| 084 | |a 0 |a 1 |2 ssgn | ||
| 100 | 1 | |0 (DE-588)122678958 |0 (DE-627)600275876 |0 (DE-576)306708841 |4 aut |a Schwarzwald, Ora | |
| 109 | |a Rodrigue Schwarzwald, Ora |a Schwarzwald, Ora R. |a RWDRYG-ŠWRṢWLD, Ôrā |a Šwarṣwald, Orā Rōdrīg |a Rodrig-Shṿartsṿald, Orah |a Rodrigue, Ora |a Schwarzwald, Ora Rodrigue |a Schwarzwald, Ora |a Rodrig-Šwarṣwald, Ora |a Rodrigue-Schwarzwald, Ora |a Šwarṣwald, Ora |a Šwarṣwald, Ora Rodrig |a Shṿartsṿald, Orah Rodrig |a Shṿartsṿald, Orah |a Rōdrīg Šwarṣwald, Orā | ||
| 245 | 1 | 4 | |a The Halakhic Language in Two Ladino Books from the 16th Century |
| 264 | 1 | |c 2016 | |
| 336 | |a Text |b txt |2 rdacontent | ||
| 337 | |a ohne Hilfsmittel zu benutzen |b n |2 rdamedia | ||
| 338 | |a Band |b nc |2 rdacarrier | ||
| 500 | |a Text originalsprachlich hebräisch. - Mit englischsprachigem Abstract | ||
| 652 | |a AG:BH:TJ | ||
| 773 | 0 | 8 | |i In |t Māsôrôt |d Yerûšālayim : hā-Ûnîversîṭā, 1984 |g 18(2016), Seite 153-192 |w (DE-627)169133958 |w (DE-600)895825-7 |w (DE-576)016229576 |x 0334-1674 |7 nnas |
| 773 | 1 | 8 | |g volume:18 |g year:2016 |g pages:153-192 |
| 935 | |a mteo | ||
| 951 | |a AR | ||
| ELC | |b 1 | ||
| ITA | |a 1 |t 1 | ||
| LOK | |0 000 xxxxxcx a22 zn 4500 | ||
| LOK | |0 001 3297041501 | ||
| LOK | |0 003 DE-627 | ||
| LOK | |0 004 1638045720 | ||
| LOK | |0 005 20170606100316 | ||
| LOK | |0 008 170519||||||||||||||||ger||||||| | ||
| LOK | |0 035 |a (DE-Tue135)016229576_2016_0_153 | ||
| LOK | |0 040 |a DE-Tue135 |c DE-627 |d DE-Tue135 | ||
| LOK | |0 092 |o n | ||
| LOK | |0 852 |a DE-Tue135 | ||
| LOK | |0 852 1 |9 00 | ||
| LOK | |0 935 |a imwa |a ixzs | ||
| LOK | |0 936ln |0 1442043520 |a BH | ||
| LOK | |0 936ln |0 1442043229 |a AG | ||
| LOK | |0 936ln |0 1442053909 |a TJ | ||
| LOK | |0 939 |a 19-05-17 |b l01 | ||
| ORI | |a SA-MARC-ixtheoa001.raw | ||
| REL | |a 1 | ||
| SUB | |a REL | ||



